Statistics for 2012 NFL Draft First Round

Click here to take the quiz!

General Stats

  • This quiz has been taken 1,693 times
  • The average score is 10 of 32

Answer Stats

#TeamPick% Correct
1Indianapolis ColtsAndrew Luck
99%
2Washington RedskinsRobert Griffin III
94%
3Cleveland BrownsTrent Richardson
65%
8Miami DolphinsRyan Tannehill
45%
5Jacksonville JaguarsJustin Blackmon
43%
4Minnesota VikingsMatt Kalil
41%
6Dallas CowboysMorris Claiborne
38%
29Minnesota VikingsHarrison Smith
38%
22Cleveland BrownsBrandon Weeden
36%
32New York GiantsDavid Wilson
35%
9Carolina PanthersLuke Kuechly
34%
31Tampa Bay BuccaneersDoug Martin
34%
21New England PatriotsChandler Jones
33%
7Tampa Bay BuccaneersMark Barron
28%
13Arizona CardinalsMichael Floyd
24%
25New England PatriotsDont'a Hightower
24%
15Seattle SeahawksBruce Irvin
23%
12Philadelphia EaglesFletcher Cox
23%
11Kansas City ChiefsDontari Poe
22%
10Buffalo BillsStephon Gilmore
22%
17Cinncinati BengalsDre Kirkpatrick
20%
18San Diego ChargersMelvin Ingram
18%
20Tennessee TitansKendall Wright
17%
24Pittsburgh SteelersDavid DeCastro
17%
16New York JetsQuinton Coples
17%
30San Francisco 49ersA.J. Jenkins
17%
14St. Louis RamsMichael Brockers
17%
28Green Bay PackersNick Perry
15%
23Detroit LionsRiley Reiff
13%
26Houston TexansWhitney Mercilus
12%
27Cincinnati BengalsKevin Zeitler
12%
19Chicago BearsShea McClellin
11%

Score Distribution

Percentile by Number Answered

Percent of People with Each Score

Your Score History

You have not taken this quiz